[Event "Chinese League"]
[Site "Chaongqing CHN"]
[Date "2011.08.11"]
[Round "10"]
[White "Li, Chao b"]
[Black "Wu, Xibin"]
[Result "1-0"]
[WhiteTitle "GM"]
[BlackTitle "IM"]
[WhiteElo "2646"]
[BlackElo "2360"]
[WhiteTeam "Beijing"]
[BlackTeam "Sichuan"]
[WhiteFideId "8604436"]
[BlackFideId "8600309"]
[EventDate "2011.04.12"]

1. d4 Nf6 2. c4 g6 3. Nc3 Bg7 4. e4 d6 5. Nf3 O-O 6. Be2 e5 7. O-O Nc6 8. d5 Ne7
9. Ne1 Nd7 10. f3 f5 11. Bg5 h6 12. Be3 f4 13. Bf2 g5 14. Nd3 Ng6 15. c5 Nf6 16.
Rc1 Rf7 17. a4 Bf8 18. a5 h5 19. cxd6 cxd6 20. Nb5 Qxa5 21. Nxa7 Bd7 22. Ra1 Qd8
23. Qb3 g4 24. Qxb7 Rb8 25. Nc6 Bxc6 26. Qxc6 gxf3 27. Bxf3 Ng4 28. Bxg4 hxg4
29. Ra7 Rxa7 30. Bxa7 Rc8 31. Bb6 Rxc6 32. Bxd8 Rc4 33. b4 Be7 34. Bxe7 Nxe7 35.
b5 Rc3 36. Rb1 Nc8 37. Rc1 Rxd3 38. Rxc8+ Kf7 39. Rc7+ Kf6 40. Rd7 Rd1+ 41. Kf2
Rd2+ 42. Kf1 g3 43. hxg3 fxg3 44. Rxd6+ Kg5 45. Rc6 Rf2+ 46. Kg1 Rb2 47. Rc1 Kf6
48. b6 Ke7 49. Rc7+ Kf6 50. Kf1 Rf2+ 51. Ke1 Rxg2 52. b7 Rb2 53. Kf1 Kg5 54. d6
Kg4 55. d7 Rb1+ 56. Ke2 g2 57. d8=Q 1-0

[Event "Chinese League"]
[Site "Chaongqing CHN"]
[Date "2011.08.11"]
[Round "10"]
[White "Nie, Xin"]
[Black "Wang, Jue"]
[Result "0-1"]
[WhiteElo "1970"]
[BlackElo "2275"]
[WhiteTeam "Sichuan"]
[BlackTeam "Beijing"]
[WhiteFideId "8605610"]
[BlackFideId "8604070"]
[EventDate "2011.04.12"]

1. d4 Nf6 2. c4 g6 3. Nc3 Bg7 4. e4 d6 5. f3 O-O 6. Be3 Nc6 7. Nge2 a6 8. Qd2
Rb8 9. Nc1 e5 10. d5 Nd4 11. N1e2 Nxe2 12. Bxe2 Nh5 13. O-O-O f5 14. Kb1 Bd7 15.
Rdg1 c5 16. dxc6 Bxc6 17. Rd1 Nf4 18. Bf1 Ne6 19. Nd5 Nd4 20. h4 h5 21. Bd3 Bd7
22. Bg5 Qe8 23. Be7 Rf7 24. Bxd6 Rc8 25. Qg5 Kh7 26. Ne7 Rf6 27. Nxc8 Bxc8 28.
c5 Be6 29. exf5 Nxf5 30. b3 Rf7 31. Qd2 e4 32. Bxe4 Nxd6 33. cxd6 Qb5 34. Rde1
Bxb3 35. Bxg6+ Kxg6 36. axb3 Qxb3+ 37. Kc1 Bh6 0-1

[Event "Chinese League"]
[Site "Chaongqing CHN"]
[Date "2011.08.11"]
[Round "10"]
[White "Nguyen, Ngoc Truong Son"]
[Black "Lu, Shanglei"]
[Result "1-0"]
[WhiteTitle "GM"]
[WhiteElo "2635"]
[BlackElo "2456"]
[WhiteTeam "Qingdao"]
[BlackTeam "Zhejiang"]
[WhiteFideId "12401110"]
[BlackFideId "8603332"]
[EventDate "2011.04.12"]

1. Nf3 Nf6 2. g3 g6 3. c4 Bg7 4. Bg2 d6 5. O-O e5 6. Nc3 Nc6 7. Rb1 a5 8. d3 O-O
9. a3 Re8 10. Bg5 h6 11. Bxf6 Bxf6 12. b4 axb4 13. axb4 Bg7 14. b5 Nd4 15. e3
Ra3 16. Nd5 Nxf3+ 17. Bxf3 Bf5 18. Rb3 Rxb3 19. Qxb3 c6 20. bxc6 bxc6 21. Nb4 c5
22. Nd5 Qb8 23. Qxb8 Rxb8 24. Ne7+ Kf8 25. Nxf5 gxf5 26. Bd5 f4 27. Kg2 Rb2 28.
Kf3 fxe3 29. fxe3 Bf6 30. h4 Rd2 31. Kg4 Kg7 32. Ra1 Rf2 33. Ra7 Bd8 34. Kh3 Rf6
35. g4 Bb6 36. Ra6 Bd8 37. Kg3 Be7 38. Ra7 Bd8 39. Kg2 Bb6 40. Ra6 Bd8 41. Ra8
Be7 42. Ra7 Bd8 43. Be4 Re6 44. Bf5 Re8 45. Kg3 Bf6 46. Be4 Re7 47. Ra6 Rd7 48.
Bf5 Rd8 49. Ra7 Re8 50. Kh3 Kf8 51. Be4 Kg7 52. Bd5 Re7 53. Ra6 Rd7 54. Bc6 Rc7
55. Kg3 Be7 56. Bd5 Rd7 57. Ra2 Bd8 58. Bc6 Rc7 59. Be4 Rd7 60. Ra8 Bf6 61. Ra2
Bd8 62. Bd5 Bf6 63. Ra8 Rc7 64. g5 hxg5 65. h5 Rd7 66. Kg4 Rc7 67. Kf5 Be7 68.
Kg4 Bf6 69. Ra6 Be7 70. Kf5 Rd7 71. Ra2 Bd8 72. Ra1 Rc7 73. Ra6 Rd7 74. Ra8 Be7
75. h6+ Kxh6 76. Bxf7 Rc7 77. Bd5 Kg7 78. Rg8+ Kh7 79. Re8 Kg7 80. Rg8+ Kh7 81.
Bf7 Bf8 82. Rxf8 Kg7 83. Rg8+ Kxf7 84. Rxg5 Rb7 85. Rg6 Rb6 86. Rh6 Kg7 87. Rf6
Ra6 88. e4 Rb6 89. Rg6+ Kf7 90. Rh6 Ke8 91. Rh7 Rb3 92. Ke6 1-0

[Event "Chinese League"]
[Site "Chaongqing CHN"]
[Date "2011.08.11"]
[Round "10"]
[White "Ma, Zhonghan"]
[Black "Yu, Lie"]
[Result "1-0"]
[BlackTitle "IM"]
[WhiteElo "2262"]
[BlackElo "2404"]
[WhiteTeam "Qingdao"]
[BlackTeam "Zhejiang"]
[WhiteFideId "8607206"]
[BlackFideId "8603715"]
[EventDate "2011.04.12"]

1. d4 d5 2. c4 e6 3. Nc3 Nf6 4. Nf3 c6 5. Bg5 Nbd7 6. e3 Qa5 7. Nd2 Bb4 8. Qc2
O-O 9. Be2 e5 10. O-O exd4 11. Nb3 Qb6 12. exd4 dxc4 13. Bxc4 a5 14. Ne4 Nxe4
15. Qxe4 a4 16. a3 Bd6 17. Bd3 g6 18. Nd2 Qc7 19. Qh4 Ra5 20. Ne4 f6 21. Nxd6
Rxg5 22. Bc4+ Kg7 23. Qf4 Qd8 24. h4 Ra5 25. Rfe1 Nb6 26. Ba2 Nd5 27. Qg3 Ne7
28. Re2 Nf5 29. Nxf5+ Rxf5 30. Rae1 Qxd4 31. Re4 Qc5 32. Re7+ Kh6 33. Bb1 b5 34.
Bxf5 Qxf5 35. Qd6 Rg8 36. Rf7 Qg4 37. Qxf6 Bf5 38. Ree7 1-0

[Event "Chinese League"]
[Site "Chaongqing CHN"]
[Date "2011.08.11"]
[Round "10"]
[White "Wang, Xiaohui"]
[Black "Gong, Qianyun"]
[Result "1-0"]
[WhiteTitle "WIM"]
[BlackTitle "WIM"]
[WhiteElo "2218"]
[BlackElo "2232"]
[WhiteTeam "Zhejiang"]
[BlackTeam "Qingdao"]
[WhiteFideId "8603073"]
[BlackFideId "8602425"]
[EventDate "2011.04.12"]

1. d4 Nf6 2. Nf3 c5 3. d5 b5 4. c4 Bb7 5. Qc2 d6 6. e4 e6 7. Nc3 b4 8. Nd1 e5 9.
Bd3 Nbd7 10. Ne3 g6 11. g3 Be7 12. Nh4 Nh5 13. Nhg2 O-O 14. O-O Ng7 15. b3 a5
16. a3 Qc7 17. Bb2 Rae8 18. Rae1 Bc8 19. f4 exf4 20. gxf4 Bf6 21. e5 dxe5 22.
Ng4 Nh5 23. f5 g5 24. Qd1 Ng7 25. Nxf6+ Nxf6 26. Qd2 h6 27. h4 Ng4 28. Be2 bxa3
29. Bxa3 Nf6 30. hxg5 Ne4 31. Qe3 Nxg5 32. Qxc5 Qb8 33. Qd6 Qxb3 34. Qxh6 f6 35.
Bc1 Nh3+ 36. Kh2 Nf4 37. Nxf4 exf4 38. Rg1 Re7 39. Bxf4 Bxf5 40. Bd6 Rfe8 41.
Bxe7 Rxe7 42. Rg2 Qb8+ 43. Rg3 Qa7 44. Qf4 Kf8 45. Rgg1 Re4 46. Qd6+ Kg8 47. c5
Qf7 48. Rg2 Rh4+ 49. Kg1 Be4 50. Qg3 Rh6 51. Qxg7+ Qxg7 52. Rxg7+ Kxg7 53. Bc4
Rh1+ 54. Kf2 Rxe1 55. Kxe1 Kf8 56. Kd2 Ke7 57. Ke3 Bg2 58. Kf4 a4 59. d6+ Kd7
60. Kf5 Kc6 61. Kxf6 Kxc5 62. d7 Kxc4 63. d8=Q Be4 64. Qe7 Bc2 65. Qa3 Bb3 66.
Ke5 Kc3 67. Ke4 Kc4 68. Ke3 Kc3 69. Qc1+ Bc2 70. Ke2 Kb3 71. Kd2 Ka2 72. Kc3 a3
73. Qxc2+ Ka1 74. Kd4 1-0

[Event "Chinese League"]
[Site "Chaongqing CHN"]
[Date "2011.08.11"]
[Round "10"]
[White "Ding, Yixin"]
[Black "Pham, Le Thao Nguyen"]
[Result "1/2-1/2"]
[WhiteTitle "WGM"]
[BlackTitle "WIM"]
[WhiteElo "2376"]
[BlackElo "2349"]
[WhiteTeam "Zhejiang"]
[BlackTeam "Qingdao"]
[WhiteFideId "8602972"]
[BlackFideId "12401226"]
[EventDate "2011.04.12"]

1. e4 c5 2. Nf3 e6 3. d4 cxd4 4. Nxd4 a6 5. Bd3 Bc5 6. Nb3 Be7 7. Qg4 g6 8. Qe2
d6 9. O-O Nc6 10. N1d2 Nf6 11. Nc4 O-O 12. Be3 Nd7 13. a4 d5 14. Ncd2 Nde5 15.
a5 Bd7 16. Bb6 Qb8 17. Nc5 Rc8 18. Nxd7 Nxd7 19. exd5 exd5 20. Be3 Nde5 21. c3
Re8 22. Bc2 Qd8 23. Bb6 Qd7 24. Rfd1 Bd6 25. Qf1 Qe7 26. Bb3 Nd7 27. Be3 Nf6 28.
Nf3 Ne5 29. Nxe5 Qxe5 30. g3 Qh5 31. Qg2 Rad8 32. Bb6 Rc8 33. Bxd5 Bc5 34. Bxb7
Bxb6 35. axb6 Rb8 36. Bf3 Qc5 37. b7 a5 38. h3 h5 39. Rd4 Kg7 40. Qf1 Re5 41.
Qd3 Qe7 42. Kg2 Rxb7 43. Bxb7 Qxb7+ 44. Kg1 Qxb2 45. Rb1 Qa2 46. Rd1 Rf5 47. Qd2
Qb3 48. Rd8 h4 49. Qd6 Nh7 50. Qd4+ Rf6 51. g4 Ng5 52. Kg2 Ne6 53. Qe5 Qb6 54.
Rg8+ Kxg8 55. Qxf6 a4 56. Qf3 Qc7 57. Ra1 Qc4 58. Qe3 Kh7 59. Qe5 Qc6+ 60. Kg1
Qc4 61. Qf6 Nf4 62. Kh2 Ne2 63. Qxh4+ Kg7 64. Qg5 Qxc3 65. Rxa4 Qc7+ 66. f4 Qc2
67. Qe5+ Kh7 68. Qe4 Qd2 69. Qg2 Qd3 70. Re4 Nd4 71. Rxd4 Qxd4 72. Qf3 Qd2+ 73.
Kg3 Qe1+ 74. Qf2 Qc3+ 75. Kg2 Qc6+ 76. Kh2 Qe6 77. Kg3 Qb3+ 78. Qf3 Qb1 79. h4
Qe1+ 80. Kh3 Qe6 81. f5 Qd7 82. fxg6+ fxg6 83. Qe4 Kg7 84. h5 gxh5 85. Qe5+ Kg8
86. Qg5+ Qg7 87. Qd8+ Kh7 88. g5 Qc3+ 89. Kh4 Qc4+ 90. Kxh5 Qe2+ 91. Kh4 Qe4+
92. Kg3 Qe3+ 93. Kg4 Qe4+ 94. Kg3 1/2-1/2

[Event "Chinese League"]
[Site "Chaongqing CHN"]
[Date "2011.08.11"]
[Round "10"]
[White "Xu, Jun"]
[Black "Wan, Yunguo"]
[Result "1-0"]
[WhiteTitle "GM"]
[WhiteElo "2486"]
[BlackElo "2458"]
[WhiteTeam "Jiangsu"]
[BlackTeam "Hebei"]
[WhiteFideId "8600031"]
[BlackFideId "8603189"]
[EventDate "2011.04.12"]

1. d4 d5 2. Nf3 c5 3. c4 dxc4 4. e3 cxd4 5. Bxc4 Qc7 6. Bb3 Nf6 7. exd4 e6 8.
O-O Be7 9. Nc3 O-O 10. Bg5 Nc6 11. Qe2 Qa5 12. Rfd1 Rd8 13. Bh4 Qh5 14. h3 Bd7
15. g4 Qa5 16. d5 exd5 17. Bxf6 Bxf6 18. Nxd5 h6 19. Nxf6+ gxf6 20. Rd6 Kg7 21.
Rad1 Qc7 22. Nh4 Ne5 23. Qd2 Qc5 24. Qf4 1-0

[Event "Chinese League"]
[Site "Chaongqing CHN"]
[Date "2011.08.11"]
[Round "10"]
[White "Zhai, Mo"]
[Black "Guo, Qi"]
[Result "1-0"]
[WhiteTitle "WFM"]
[WhiteElo "2136"]
[BlackElo "2331"]
[WhiteTeam "Hebei"]
[BlackTeam "Jiangsu"]
[WhiteFideId "8600201"]
[BlackFideId "8604002"]
[EventDate "2011.04.12"]

1. e4 c6 2. d4 d5 3. Nc3 dxe4 4. Nxe4 Nf6 5. Nxf6+ gxf6 6. Bc4 Bf5 7. c3 e6 8.
Ne2 Bd6 9. Bf4 Bxf4 10. Nxf4 Nd7 11. Qf3 Nb6 12. Bb3 Nd5 13. Bxd5 cxd5 14. Nh5
Rg8 15. h3 Rg6 16. Ng3 Bc2 17. Kd2 Ba4 18. Rae1 Kd7 19. Nh5 Rc8 20. Nf4 Rg7 21.
Nh5 Rg6 22. Nf4 Rg7 23. g4 Bc6 24. Nh5 Rg6 25. h4 Qe7 26. Nf4 Rg7 27. Rhg1 h6
28. Rg3 Rcg8 29. Kc1 a5 30. Nh5 Rg6 31. Qf4 Kc8 32. Kd2 a4 33. Rf3 Rxg4 34. Qxf6
Qc7 35. Rf4 Rxf4 36. Nxf4 Rg4 37. Nd3 Rg6 38. Qf3 Be8 39. Ne5 Rg8 40. Qf6 Qb6
41. Kc2 Qd8 42. Qxh6 f6 43. Nd3 Qe7 44. Nf4 Bd7 45. Nxd5 Qd8 46. Nxf6 Rf8 47.
Ne4 Rh8 48. Qg5 Rxh4 49. Nd6+ Kc7 50. Qe5 Kb6 51. Nc4+ Ka7 52. Qc5+ b6 53. Qd6
Rh8 54. Nxb6 1-0

[Event "Chinese League"]
[Site "Chaongqing CHN"]
[Date "2011.08.11"]
[Round "10"]
[White "Wang, Chen"]
[Black "Wang, Yue"]
[Result "1/2-1/2"]
[BlackTitle "GM"]
[WhiteElo "2435"]
[BlackElo "2734"]
[WhiteTeam "Chongqing"]
[BlackTeam "Tianjin"]
[WhiteFideId "8601020"]
[BlackFideId "8601429"]
[EventDate "2011.04.12"]

1. e4 c5 2. Nf3 Nc6 3. Bb5 g6 4. O-O Bg7 5. c3 Nf6 6. Qe2 O-O 7. Rd1 d5 8. e5
Ne8 9. d4 Nc7 10. Bxc6 bxc6 11. dxc5 Ne6 12. Be3 a5 13. Nd4 Bxe5 14. Bh6 Qc7 15.
Bxf8 Kxf8 16. Nf3 Bf6 17. Qe3 Nf4 18. g3 Nh3+ 19. Kg2 e5 20. Nbd2 Rb8 21. b3 Bg4
22. Re1 e4 23. Ng1 Nxg1 24. Kxg1 Qe5 25. Rac1 Qf5 26. c4 Bg5 27. Qd4 Bf6 28. Qe3
Bg5 29. Qd4 Rd8 30. cxd5 Qxd5 31. Qxe4 Bxd2 32. Qxg4 h5 1/2-1/2

[Event "Chinese League"]
[Site "Chaongqing CHN"]
[Date "2011.08.11"]
[Round "10"]
[White "Gao, Rui"]
[Black "Ma, Qun"]
[Result "1/2-1/2"]
[WhiteTitle "IM"]
[WhiteElo "2435"]
[BlackElo "2427"]
[WhiteTeam "Chongqing"]
[BlackTeam "Tianjin"]
[WhiteFideId "8602387"]
[BlackFideId "8603154"]
[EventDate "2011.04.12"]

1. e4 c5 2. Nf3 d6 3. d4 cxd4 4. Nxd4 Nf6 5. Nc3 a6 6. Bg5 e6 7. f4 b5 8. e5
dxe5 9. fxe5 Qc7 10. exf6 Qe5+ 11. Be2 Qxg5 12. O-O Ra7 13. Qd3 Rd7 14. Ne4 Qe5
15. Nf3 Qxb2 16. Qe3 Bb7 17. Rab1 Qxa2 18. c4 Bxe4 19. fxg7 Bxg7 20. Qxe4 h6 21.
Ne5 Bxe5 22. Qxe5 O-O 23. Rb2 Qa3 24. Rf3 Qa1+ 25. Rf1 Qa3 26. Rf3 Qa1+ 27. Bf1
Kh7 28. Rf6 Rg8 29. Qf4 Rg6 30. Rxf7+ Rxf7 31. Qxf7+ Rg7 32. Qf2 Nc6 33. Qc2+
Kh8 34. Qd2 Kg8 35. Ra2 Qf6 36. cxb5 Rf7 37. Qf2 Qg5 38. Qg3 Qxg3 39. hxg3 axb5
40. Bxb5 Nd4 41. Bd3 Kg7 42. Ra6 Kf6 43. Kf2 Rb7 44. Ke3 Nf5+ 45. Bxf5 Kxf5 46.
g4+ Kf6 47. Kf3 Rb3+ 48. Kf4 Rb1 49. Rc6 Rf1+ 50. Ke3 Kg5 51. Rc4 Rd1 52. Ke2
Ra1 53. Re4 1/2-1/2

[Event "Chinese League"]
[Site "Chaongqing CHN"]
[Date "2011.08.11"]
[Round "10"]
[White "Hoang, Thanh Trang"]
[Black "Tan, Zhongyi"]
[Result "0-1"]
[WhiteTitle "GM"]
[BlackTitle "WGM"]
[WhiteElo "2459"]
[BlackElo "2428"]
[WhiteTeam "Tianjin"]
[BlackTeam "Chongqing"]
[WhiteFideId "12400149"]
[BlackFideId "8603642"]
[EventDate "2011.04.12"]

1. d4 d5 2. Bf4 Nf6 3. e3 e6 4. Nd2 c5 5. c3 Nc6 6. Ngf3 Be7 7. h3 O-O 8. Bd3 a6
9. a4 Bd7 10. O-O c4 11. Bb1 b5 12. axb5 axb5 13. Rxa8 Qxa8 14. e4 Qa4 15. Qe2
Ra8 16. Ne5 Nxe5 17. dxe5 Nxe4 18. Nxe4 dxe4 19. Bxe4 Rd8 20. Rd1 Be8 21. Rxd8
Bxd8 22. Be3 Be7 23. Kh2 Qa5 24. f4 Qc7 25. Qf3 g6 26. Bd4 Bd7 27. g4 Qc8 28.
Bb6 Bc5 29. Bb7 Qf8 30. Bc7 Ba7 31. Bd6 Qd8 32. Ba6 h6 33. Qb7 Be3 34. Kg3 Qh4+ 0-1

[Event "Chinese League"]
[Site "Chaongqing CHN"]
[Date "2011.08.11"]
[Round "10"]
[White "Ning, Chunhong"]
[Black "Huang, Qian"]
[Result "1/2-1/2"]
[WhiteTitle "WGM"]
[BlackTitle "WGM"]
[WhiteElo "2313"]
[BlackElo "2394"]
[WhiteTeam "Tianjin"]
[BlackTeam "Chongqing"]
[WhiteFideId "8600376"]
[BlackFideId "8602689"]
[EventDate "2011.04.12"]

1. e4 e6 2. d4 d5 3. Nc3 Nf6 4. e5 Nfd7 5. f4 c5 6. Nf3 Nc6 7. Be3 a6 8. Qd2 b5
9. dxc5 Bxc5 10. Bd3 Qb6 11. Bf2 b4 12. Na4 Bxf2+ 13. Qxf2 Qxf2+ 14. Kxf2 Ke7
15. a3 Bb7 16. axb4 Nxb4 17. Nd4 f6 18. Rhe1 fxe5 19. fxe5 Nc6 20. Nf3 g5 21.
Nxg5 Ncxe5 22. Nb6 Raf8+ 23. Kg1 Nxb6 24. Rxe5 Rf6 25. Rae1 Bc8 26. Bxa6 Bd7 27.
Bb5 Bc8 28. Bd3 h5 29. b3 h4 30. c4 dxc4 31. bxc4 Rd8 32. Bf1 Rd4 33. c5 Nc4 34.
R5e4 Rf4 35. Rxd4 Rxd4 36. Nf3 Rf4 37. Ne5 Nxe5 38. Rxe5 Bb7 39. Rh5 Bd5 40. h3
Rb4 41. Rg5 Kf6 42. Rg4 Rxg4 43. hxg4 Bc6 44. Kh2 Kg5 45. Be2 e5 46. g3 hxg3+
47. Kxg3 e4 48. Bc4 Bd7 49. Bd5 Bxg4 50. Bxe4 Bd7 51. Bg2 Bb5 52. Bh3 Bc6 53.
Bg4 1/2-1/2

[Event "Chinese League"]
[Site "Chaongqing CHN"]
[Date "2011.08.11"]
[Round "10"]
[White "Bu, Xiangzhi"]
[Black "Lou, Yiping"]
[Result "1-0"]
[WhiteTitle "GM"]
[BlackTitle "IM"]
[WhiteElo "2677"]
[BlackElo "2446"]
[WhiteTeam "Shandong"]
[BlackTeam "Shanghai"]
[WhiteFideId "8601445"]
[BlackFideId "8603928"]
[EventDate "2011.04.12"]

1. d4 Nf6 2. Bg5 e6 3. Nf3 h6 4. Bxf6 Qxf6 5. e3 b6 6. Bd3 Bb7 7. Nbd2 g6 8. Qe2
Bg7 9. h4 d6 10. a4 a5 11. Bb5+ Kf8 12. c3 Qe7 13. e4 Nd7 14. O-O Nf6 15. Rfe1
g5 16. g3 gxh4 17. Nxh4 h5 18. Qd3 Bh6 19. d5 Ng4 20. Ndf3 Rg8 21. dxe6 fxe6 22.
e5 Rd8 23. Rad1 Qf7 24. exd6 Rxd6 25. Qe2 Bf4 26. Rxd6 Bxd6 27. Qxe6 Qxe6 28.
Rxe6 Bd5 29. Re2 Kf7 30. Nd2 Bc5 31. Kf1 Kf6 32. Bc4 Bxc4 33. Nxc4 Rd8 34. f3
Rd1+ 35. Re1 Rxe1+ 36. Kxe1 Bf2+ 37. Ke2 Bxg3 38. fxg4 Bxh4 39. gxh5 Kg5 40. Ke3
Bg3 41. Ke4 Kxh5 42. Kd5 Kg5 43. Kc6 Kf5 44. Ne3+ Ke4 45. Nd5 Kd3 46. Nxc7 Kc2
47. Kxb6 Kxb2 48. Nd5 Kb3 49. Kb5 Bf2 50. c4 Bg1 51. Nc7 1-0

[Event "Chinese League"]
[Site "Chaongqing CHN"]
[Date "2011.08.11"]
[Round "10"]
[White "Zhao, Jun"]
[Black "Zhou, Jianchao"]
[Result "0-1"]
[WhiteTitle "GM"]
[BlackTitle "GM"]
[WhiteElo "2580"]
[BlackElo "2660"]
[WhiteTeam "Shandong"]
[BlackTeam "Shanghai"]
[WhiteFideId "8602522"]
[BlackFideId "8603537"]
[EventDate "2011.04.12"]

1. d4 Nf6 2. c4 g6 3. Nc3 d5 4. cxd5 Nxd5 5. g3 Bg7 6. Bg2 Nb6 7. Nf3 Nc6 8. O-O
Nxd4 9. Nxd4 Qxd4 10. Nb5 Qe5 11. a4 O-O 12. Bf4 Qxb2 13. Rb1 Qa2 14. Nxc7 Rb8
15. Nd5 e5 16. Ra1 Qc4 17. Nxb6 axb6 18. Bd5 Qa6 19. Bg5 Bg4 20. Ra2 h6 21. Be7
Rfe8 22. Bb4 Rbd8 23. Qb3 Rxd5 24. Qxd5 Be6 25. Qd2 Bxa2 26. Qxa2 b5 27. a5 b6
28. Qd2 bxa5 29. Bxa5 e4 30. e3 Ra8 31. Bc3 Bxc3 32. Qxc3 Qd6 33. Qc2 Qe5 34.
Qb1 Rd8 35. Qb4 g5 36. Rc1 Qf5 37. Qb2 h5 38. h3 Kh7 39. Kh2 b4 40. Rc6 b3 41.
Rb6 Qf3 42. Rf6 Rd2 43. Rxf7+ Qxf7 44. Qxd2 Qb7 45. Qb2 Kg6 46. Kg2 Qb5 47. g4
h4 48. Qd4 b2 49. Qxe4+ Kf6 50. Qb1 Qc6+ 51. Kh2 Qc1 52. Qf5+ Ke7 53. Qxg5+ Kd6
54. Qf6+ Kc5 55. Qd4+ Kb5 56. Qd5+ Kb4 57. Qd4+ Kb3 58. Qd3+ Qc3 59. Qd1+ Qc2
60. Qd5+ Qc4 61. Qd1+ Kc3 0-1

[Event "Chinese League"]
[Site "Chaongqing CHN"]
[Date "2011.08.11"]
[Round "10"]
[White "Wen, Yang"]
[Black "Ni, Hua"]
[Result "1/2-1/2"]
[WhiteTitle "GM"]
[BlackTitle "GM"]
[WhiteElo "2545"]
[BlackElo "2646"]
[WhiteTeam "Shandong"]
[BlackTeam "Shanghai"]
[WhiteFideId "8602956"]
[BlackFideId "8601160"]
[EventDate "2011.04.12"]

1. d4 d5 2. c4 c6 3. Nc3 Nf6 4. e3 a6 5. Nf3 b5 6. c5 g6 7. Ne5 Bg7 8. Be2 a5 9.
f4 h5 10. O-O Bf5 11. Bd2 Ne4 12. a3 Nxc3 13. bxc3 Bxe5 14. fxe5 a4 15. e4 dxe4
16. Bg5 Na6 17. d5 Nxc5 18. d6 f6 19. Rxf5 fxg5 20. Rxg5 Ne6 21. Rxg6 Nf4 22.
Rg7 exd6 23. exd6 Qb6+ 24. Kh1 O-O-O 25. c4 Rhg8 26. d7+ Kc7 27. Rf7 Qf2 28. Qf1
Rxg2 29. Qxf2 Rxf2 30. cxb5 Rxe2 31. Rxf4 cxb5 32. Rf5 Rb2 33. Rc1+ Kb7 34. Rd5
e3 35. Kg1 h4 36. h3 Rg8+ 37. Kh1 Rd8 38. Kg1 e2 39. Kf2 b4 40. axb4 a3 41. Rb5+
Ka6 42. Ra5+ Kb6 43. Re1 Rxd7 44. Rxa3 Re7 45. Re3 Rxe3 1/2-1/2

[Event "Chinese League"]
[Site "Chaongqing CHN"]
[Date "2011.08.11"]
[Round "10"]
[White "Ju, Wenjun"]
[Black "Nebolsina, Vera"]
[Result "1-0"]
[WhiteTitle "WGM"]
[BlackTitle "WGM"]
[WhiteElo "2519"]
[BlackElo "2271"]
[WhiteTeam "Shanghai"]
[BlackTeam "Shandong"]
[WhiteFideId "8603006"]
[BlackFideId "4163591"]
[EventDate "2011.04.12"]

1. d4 d5 2. c4 c6 3. Nc3 Nf6 4. e3 a6 5. Nf3 Bf5 6. Be2 e6 7. Ne5 Nbd7 8. g4 Be4
9. f3 Nxe5 10. dxe5 Nxg4 11. Nxe4 Qh4+ 12. Ng3 Bb4+ 13. Kf1 Nxe5 14. cxd5 exd5
15. Kg2 O-O-O 16. f4 Nd7 17. Qd4 Bc5 18. Qxg7 Qe7 19. Bh5 Rhg8 20. Qxh7 Kb8 21.
Re1 Qh4 22. Qf5 Nf6 23. Bf3 Rh8 24. Rh1 Bb6 25. Bd2 d4 26. e4 Ne8 27. e5 Nc7 28.
Bh5 Nd5 29. Qg5 1-0

[Event "Chinese League"]
[Site "Chaongqing CHN"]
[Date "2011.08.11"]
[Round "10"]
[White "Zhang, Xiaowen"]
[Black "Gu, Xiaobing"]
[Result "1/2-1/2"]
[WhiteTitle "WGM"]
[BlackTitle "WGM"]
[WhiteElo "2344"]
[BlackElo "2369"]
[WhiteTeam "Shanghai"]
[BlackTeam "Shandong"]
[WhiteFideId "8603219"]
[BlackFideId "8602611"]
[EventDate "2011.04.12"]

1. e4 c5 2. Nf3 d6 3. Bc4 Nf6 4. d3 Nc6 5. O-O Bg4 6. h3 Bh5 7. c3 e6 8. Nbd2
Be7 9. Re1 O-O 10. Bb3 d5 11. Qe2 dxe4 12. dxe4 Qc7 13. Nf1 Ne5 14. g4 Nxf3+ 15.
Qxf3 Bg6 16. Bf4 Qc6 17. Ng3 c4 18. Bc2 Nd7 19. Kg2 Nc5 20. Nf5 Bf6 21. Be5 exf5
22. exf5 Qxf3+ 23. Kxf3 Bxe5 24. Rxe5 b6 25. Re7 Rad8 26. Rae1 h6 27. fxg6 fxg6+
28. Kg3 Nd3 29. R1e6 Nf4 30. Rc6 Rd2 31. Rcc7 Ne2+ 32. Kg2 Nf4+ 33. Kg3 Ne2+ 34.
Kg2 Nf4+ 1/2-1/2

[Event "Chinese League"]
[Site "Chaongqing CHN"]
[Date "2011.08.12"]
[Round "11"]
[White "Bu, Xiangzhi"]
[Black "Li, Chao b"]
[Result "1/2-1/2"]
[WhiteTitle "GM"]
[BlackTitle "GM"]
[WhiteElo "2677"]
[BlackElo "2646"]
[WhiteTeam "Shandong"]
[BlackTeam "Beijing"]
[WhiteFideId "8601445"]
[BlackFideId "8604436"]
[EventDate "2011.04.12"]

1. Nf3 Nf6 2. c4 g6 3. Nc3 d5 4. cxd5 Nxd5 5. Qa4+ Nc6 6. Ne5 Qd6 7. Nxc6 Qxc6
8. Qxc6+ bxc6 9. b3 Bg7 10. Bb2 Be6 11. Rc1 Nb4 12. Ba3 a5 13. e4 Bxc3 14. Rxc3
Kd7 15. Bc4 Bxc4 16. Rxc4 Nxa2 17. Ke2 Rhb8 18. Bc5 Nb4 19. Ra1 Na6 20. Rxa5
Nxc5 21. Raxc5 Rxb3 22. Rxc6 Ra7 23. R6c5 Rb6 24. g4 h6 25. h4 e6 26. h5 g5 27.
e5 Rb1 28. f4 gxf4 29. Rxf4 Ke8 30. Rc2 Kf8 31. Rc3 Rb5 32. Re4 Raa5 33. d4 Rb2+
34. Kd3 1/2-1/2

[Event "Chinese League"]
[Site "Chaongqing CHN"]
[Date "2011.08.12"]
[Round "11"]
[White "Wen, Yang"]
[Black "Xiu, Deshun"]
[Result "0-1"]
[WhiteTitle "GM"]
[WhiteElo "2545"]
[BlackElo "2508"]
[WhiteTeam "Shandong"]
[BlackTeam "Beijing"]
[WhiteFideId "8602956"]
[BlackFideId "8603693"]
[EventDate "2011.04.12"]

1. d4 Nf6 2. c4 e6 3. g3 d5 4. Nf3 dxc4 5. Bg2 c5 6. O-O Nc6 7. Qa4 Bd7 8. Qxc4
b5 9. Qd3 c4 10. Qc2 Be7 11. e4 O-O 12. Qe2 Qb6 13. Rd1 Rfe8 14. Be3 Ng4 15. Bf4
Rad8 16. e5 f6 17. exf6 Nxf6 18. Nc3 Bc8 19. a4 b4 20. Ne4 Nd5 21. Bg5 c3 22.
bxc3 bxc3 23. Bxe7 Rxe7 24. a5 Nxa5 25. Rdb1 Qc7 26. Qa2 Nc4 27. Rc1 Nd6 28. Nc5
Nf5 29. Qa3 Qd6 30. Ne4 Qxa3 31. Rxa3 Rc7 32. Nxc3 Nb4 33. Rd1 Nc2 34. Nb5 Rc5
35. Rb3 Ba6 36. Nxa7 Ncxd4 37. Nxd4 Nxd4 38. Rbb1 Rc7 39. Nc6 Nxc6 40. Rdc1 0-1

[Event "Chinese League"]
[Site "Chaongqing CHN"]
[Date "2011.08.12"]
[Round "11"]
[White "Zhao, Jun"]
[Black "Yu, Yangyi"]
[Result "1/2-1/2"]
[WhiteTitle "GM"]
[BlackTitle "GM"]
[WhiteElo "2580"]
[BlackElo "2652"]
[WhiteTeam "Shandong"]
[BlackTeam "Beijing"]
[WhiteFideId "8602522"]
[BlackFideId "8603820"]
[EventDate "2011.04.12"]

1. c4 Nf6 2. Nc3 c5 3. Nf3 e6 4. g3 b6 5. Bg2 Bb7 6. O-O Be7 7. d4 cxd4 8. Qxd4
d6 9. Bg5 a6 10. Bxf6 Bxf6 11. Qf4 O-O 12. Rfd1 Be7 13. Ne4 Bxe4 14. Qxe4 Ra7
15. Nd4 Rc7 16. b3 Rc5 17. a4 Qc7 18. Qb1 Nd7 19. Ra2 Rc8 20. Rad2 Nf6 21. Qd3
g6 22. e3 Bf8 23. Bh3 Re8 24. Bg2 Rc8 25. Qe2 Kg7 26. h3 Be7 27. Qd3 Kg8 28. Kh2
Kg7 29. Kg1 Kg8 30. Kh1 Kg7 31. Kh2 Kg8 32. Rb1 Kg7 33. Rbb2 h5 34. Kg1 Bf8 35.
Rb1 Be7 36. Rbb2 Bf8 37. Rd1 Be7 38. Rbd2 Bf8 39. Rb2 Be7 40. Rbd2 Bf8 41. Rb2 1/2-1/2